Normal view
MARC view
Entry Genre/Form Term
001 - CONTROL NUMBER
- control field: 33722
003 - CONTROL NUMBER IDENTIFIER
- control field: ARRUPE
005 - DATE AND TIME OF LATEST TRANSACTION
- control field: 20170727121704.0
008 - FIXED-LENGTH DATA ELEMENTS
- fixed length control field: 170727|| aca||aabn | a|a d
040 ## - CATALOGING SOURCE
- Original cataloging agency: ARRUPE
- Transcribing agency: ARRUPE
155 ## - HEADING--GENRE/FORM TERM
- Genre/form term: Periodicals.
670 ## - SOURCE DATA FOUND
- Source citation: Work cat.: (ARRUPE)64726: Studies in East European thought., c1993-